| 000 | 01146nam a2200385 a 4500 | ||
|---|---|---|---|
| 001 | vtls001720502 | ||
| 003 | NLI | ||
| 005 | 20210628163851.0 | ||
| 008 | 130523m1867uuuumau 000 0 eng | ||
| 022 |
_a8755481X _l8755481X |
||
| 039 | 9 |
_y201305231617 _zVLOAD |
|
| 040 |
_aNLI _beng _cDatasoft_AC _eAACR2 |
||
| 041 | 0 | _aeng | |
| 044 | _a mau | ||
| 082 | 0 | 4 | _a 345.05 |
| 245 | 0 | 4 | _a The American law review |
| 260 |
_aBoston : _bLittle, Brown, _c1867- |
||
| 300 |
_a-v. ; _c25 cm. |
||
| 310 |
_aBimonthly _b1883-1929 |
||
| 321 |
_aQuarterly _b1866-79 |
||
| 321 |
_aMonthly _b1880-82. |
||
| 362 | 1 | _aVol. 1, no. 1 (Oct. 1866)-v. 63, no. 2 (Mar.-Apr.-May 1929) | |
| 650 | 0 |
_aLaw _zMassachusetts _vPeriodicals |
|
| 650 | 0 |
_aLaw _zUnited States _vPeriodicals _9793831 |
|
| 650 | 0 |
_aRecht _91039294 |
|
| 650 | 0 |
_aDroit _zMassachusetts _vPeriodiques |
|
| 650 | 0 |
_aDroit _zEtats-Unis _vPeriodiques |
|
| 650 | 0 |
_aDroit _9946747 |
|
| 651 | 0 |
_aEtats-Unis _vPeriodicals _9922268 |
|
| 710 | 2 | _aAsutosh Collection (National Library, India) | |
| 887 | _a | ||
| 901 |
_a27831 _9v.42 |
||
| 902 | _aAC 345.05 U | ||
| 999 |
_aVIRTUA40 _c1167775 _d1167775 |
||
| 942 |
_2ddc _cBKS |
||